| 000 | 00789nam a2200229Ii 4500 | ||
|---|---|---|---|
| 003 | JO-AjNU | ||
| 008 | 230605s9999||||xx |||||||||||||| ||und|| | ||
| 017 | _a2015/8/3568 | ||
| 020 | _a978-9957-16-952-7 | ||
| 040 |
_aJO-AjNU _bara _erda _cJO-AjNU |
||
| 041 | _aara | ||
| 050 | 1 | 4 | _aKMM127.M3453 2022 |
| 100 | 3 |
_aالمغربي، جعفر محمود, _eauthor _963867 |
|
| 245 | 0 | 0 | _aشرح احكام قانون العمل وفقا لاخر التعديلات واجتهادات محكمة التمييز |
| 250 | _aط4 | ||
| 264 | 3 | 1 | _aعمان: دار الثقافة للنشر والتوزيع، 2022 |
| 300 | _a273ص | ||
| 336 |
_atext _btxt _2rdacontent |
||
| 337 |
_aunmediated _bn _2rdamedia |
||
| 338 |
_avolume _bnc _2rdacarrier |
||
| 650 | 4 |
_aقانون العمل _963868 |
|
| 999 |
_aA28992 _c32560 _d32560 |
||